FOOLED BY RANDOMNESS THE HIDDEN ROLE OF (Record no. 11903)

MARC details
000 -LEADER
fixed length control field 00368nam a2200133Ia 4500
008 - FIXED-LENGTH DATA ELEMENTS--GENERAL INFORMATION
fixed length control field 240624s9999 xx 000 0 und d
041 ## - LANGUAGE CODE
Language code of text/sound track or separate title eng
082 ## - DEWEY DECIMAL CLASSIFICATION NUMBER
Classification number 332.6 NIC
100 ## - MAIN ENTRY--PERSONAL NAME
Personal name TALEB NASSIM NICHOLAS
245 ## - TITLE STATEMENT
Title FOOLED BY RANDOMNESS THE HIDDEN ROLE OF
260 ## - PUBLICATION, DISTRIBUTION, ETC.
Date of publication, distribution, etc. 2007
Place of publication, distribution, etc. New Delhi
Name of publisher, distributor, etc. Penguin Group (UK)
300 ## - PHYSICAL DESCRIPTION
Extent xxiii, : 316 : p. : cm. ; 25
365 ## - TRADE PRICE
Currency code RS
Price amount 25
Holdings
Withdrawn status Lost status Damaged status Not for loan Home library Current library Shelving location Date acquired Source of acquisition Cost, normal purchase price Total Holds Full call number Barcode Date last seen Copy number Price effective from Koha item type
Store Books       IMTN IMTN Rack 10-A 12/11/2008 IBH 295.00 1924 332.6 NIC 11903 06/24/2024 1 06/24/2024 Books
Designed & Maintained by: LRC IMT Nagpur Contact: lrc@imtnag.ac.in© 2024. All Rights Reserved.